000 00733nam a22002177a 4500
003 OSt
005 20180404142403.0
008 160920b xxu||||| |||| 00| 0 eng d
020 _a978-970-10-7275-2
040 _cCRI
082 _a005.74
100 1 0 _939751
_aRicardo, Catherine M.‏
245 _aBases de Datos
_cCatherine M. Ricardo; Revisión técnica: Antonio Gonzáles y Peña, Francisco Javier Cartujano [etc al.]
260 _aMéxico [etc.]
_bMcGraww Hill
_c2009
300 _a641 p.
_c27 cm.
650 0 _91758
_aBases de datos
700 1 0 _939753
_aGonzáles y Peña, Antonio
700 1 _939754
_aCartujano, Francisco Javier
700 1 _939755
_aArellano Mendoza, Lucila Patricia
942 _2ddc
_cBK
_hprozim
999 _c25941
_d25941